| 000 | 01703cgm a22004097a 4500 | ||
|---|---|---|---|
| 007 | vd cgaizm | ||
| 008 | 140216t2004 xxk156 e |||| 0| vleng d | ||
| 020 | _a7321900284097 | ||
| 041 | 1 |
_aeng _ager |
|
| 082 | 0 | 4 |
_222 _a791.4372 _bTRO |
| 245 | 0 | 0 |
_aTroy _h[videorecording] / _cWarner Bros Pictures, a Radiant Production, Plan B. ; produced by Wolfgang Petersen, Diana Rathbun, Colin Wilson ; screenplay by David Benioff ; directed by Wolfgang Petersen. |
| 250 | _a2.40 : 1 Widescreen. | ||
| 260 |
_a[Cheltenham, United Kingdom] : _bHelena Productions Limited, _cc.2004. |
||
| 300 |
_a1 videodisc (156 min.) : _bsd., col. ; _c4 3/4 in. |
||
| 508 | _aDirector of photography Roger Pratt ; editor Peter Honess ; music Nathaniel Mechaly. | ||
| 511 | _aBrad Pitt, Eric Bana, Orlando Bloom. | ||
| 521 | _aSuitable only for persons of 15 years and over. | ||
| 546 | _aIn English and German Language. | ||
| 650 | 0 |
_935211 _aParis (Legendary character) _vDrama |
|
| 650 | 0 |
_935212 _aHelen of Troy (Greek mythology) _vDrama |
|
| 650 | 0 |
_935213 _aAchilles (Greek mythology) _vDrama |
|
| 653 |
_bGGEN _cFebruary2014 |
||
| 700 | 1 |
_935214 _a Pitt, Brad, _d1963- |
|
| 700 | 1 |
_935215 _aBana, Eric |
|
| 700 | 1 |
_935216 _aBloom, Orlando, _d1977- |
|
| 700 | 1 |
_935217 _aPratt, Roger |
|
| 700 | 1 |
_935218 _a Honess, Peter |
|
| 700 | 1 |
_935219 _aMechaly, Nathaniel, _d1972- |
|
| 700 | 1 |
_935220 _aPetersen, Wolfgang, _d1941- |
|
| 700 | 1 |
_922891 _aBenioff, David. |
|
| 700 | 1 |
_935221 _aWilson, Colin, _d1931-2013 |
|
| 700 | 1 |
_935222 _aRathbun, Diana |
|
| 710 | 2 |
_935223 _aPlan B (Firm) |
|
| 710 | 2 |
_935224 _aRadiant Productions |
|
| 710 | 2 |
_935225 _aWarner Bros. Pictures (1923-1967) |
|
| 942 |
_2ddc _cDVD _k791.4372 TRO |
||
| 999 |
_c18067 _d18039 |
||